| 000 | 00651nmm a2200265 a 4500 | ||
|---|---|---|---|
| 003 | AR-BaBNM | ||
| 005 | 20251128202920.0 | ||
| 008 | 011101s1957 ||||||||||||||000 | spa|| | ||
| 040 | _cAR-BaBNM | ||
| 100 | 1 | _aCroci, Pietro | |
| 245 | 1 | 0 |
_aCorso di lingua italiana _n2 |
| 250 | _a6ยช ed. | ||
| 260 |
_aBuenos Aires _bKapelusz _c1957 |
||
| 300 | 0 | _a212 p. | |
| 650 | 4 | _aENSENANZA DE IDIOMAS | |
| 650 | 4 | _aITALIANO | |
| 650 | 4 | _aACTIVIDADES DE APRENDIZAJE | |
| 650 | 4 | _aGRAMATICA | |
| 650 | 4 | _aPOESIA | |
| 650 | 4 | _aLIBROS DE TEXTO | |
| 653 | _aEDUCACION SECUNDARIA | ||
| 700 | 1 | _aTognocchi, Manfredo L. | |
| 942 | _cBK | ||
| 998 | _cCarmen | ||
| 999 |
_c1171 _d1171 |
||